Database Systems : A Practical Approach to Design, Implementation, and Management /

Obra de referencia para el diseño (conceptual, lógico y físico), puesta en marcha, administración de bases de datos, así como de los lenguajes y estándares para su construcción.

Guardado en:
Detalles Bibliográficos
Autor principal: Connolly, Thomas M. (autor)
Otros autores: Begg, Carolyn E. (autor) (autor)
Formato: Libro
Idioma:Inglés
Publicado: Harlow, Inglaterra : Addison-Wesley, 2005, c2005
Edición:4a edición
Colección:(International Computer Science Series)
Temas:
Etiquetas: Agrega una etiqueta
Sin etiquetas, Sé el primero en etiquetar este registro!

MARC

LEADER 00000nam^a2200000^a^4500
001 000154443
005 20250521000000.0
009 20260310100354.618
020 |a 0-321-21025-5 
025 |a Donación María Alejandra Aguilar, 1 ejemplar 
037 |a Acervo ITESO - Biblioteca 
041 |a ING 
082 |a 005. 74  |b CON 
100 |a Connolly, Thomas M.  |e (autor) 
245 1 0 |a Database Systems :  |b A Practical Approach to Design, Implementation, and Management /  |c T.M. Connolly, C.E. Begg. 
250 |a 4a edición 
264 4 |a Harlow, Inglaterra :  |b Addison-Wesley,  |c 2005, c2005 
300 |a L, 1374 p. 
336 |a texto  |b txt  |2 rdacontenido 
337 |a sin mediación  |b n  |2 rdamedio 
338 |a volumen  |b nc  |2 rdasoporte 
440 1 |a (International Computer Science Series) 
520 |a Obra de referencia para el diseño (conceptual, lógico y físico), puesta en marcha, administración de bases de datos, así como de los lenguajes y estándares para su construcción. 
649 |a XX 
650 |a Bases de Datos -  |x Administración -  |x Tema Principal 
650 |a Bases de Datos -  |x Diseño y Construcción -  |x Tema Principal 
650 |a Manejadores de Bases de Datos 
650 |a Estructura de Datos 
650 |a Cómputo Distribuido 
650 |a Proceso Electrónico de Datos 
650 |a Proceso de Datos 
650 |a Internet 
650 |a Redes de Computadoras 
650 |a Comunicación en Red 
650 |a Programación Orientada a Objetos 
650 |a Programación (Software) 
650 |a Sistemas de Información -  |x Administración 
650 |a Sistemas Computacionales 
650 |a Control de Calidad 
650 |a Normalización y Certificación 
650 |a Informática 
650 |a Ingeniería Computacional 
700 |a Begg, Carolyn E.  |e (autor) 
910 |a Fondo General 
920 |a Impresos - Libros 
930 |a Colección General 
905 |a 101 
901 |a 0500194783  |b IT1  |c ACC  |i D  |u 20250521 
902 |a https://opac.biblio.iteso.mx/vufind/Record/000154443